All Premier League Starting 11‘s 25/26 - Statistics

General Stats
  • This quiz has been taken 325 times
  • The average score is 107 of 220
Answer Stats
Pos Player % Correct
A GK David Raya
97%
A CB Gabriel Magalhaes
94%
A RW Bukayo Saka
93%
A CB William Saliba
93%
A CM Declan Rice
91%
A ST Viktor Gyokeres
90%
A RB Jurrien Timber
88%
A LB Riccardo Calafiori
88%
A LW Leandro Trossard
87%
B GK Robert Sanchez
86%
C GK Alisson
84%
A CM Martin Zubimendi
83%
C CB Virgil Van Dijk
83%
F GK Guglielmo Vicario
82%
F CB Micky van de Ven
82%
F CB Cristian Romero
81%
C CB Ibrahima Konate
81%
C RW Mohamed Salah
81%
E CM Bruno Fernandes
80%
D GK Gianluigi Donnarumma
80%
B LB Marc Cucurella
80%
B RB Reece James
80%
C ST Hugo Ekitike
79%
K GK Jordan Pickford
78%
C CAM Dominik Szoboszlai
77%
A CAM Eberechi Eze
77%
B CM Enzo Fernandez
77%
D ST Erling Haaland
77%
C LW Cody Gakpo
76%
B CM Moises Caicedo
76%
H GK Emiliano Martinez
75%
B CAM Joao Pedro
75%
C LB Milos Kerkez
75%
G GK Nick Pope
75%
F ST Richarlison
75%
C CM Alexis Mac Allister
74%
B RW Pedro Neto
74%
G CM Bruno Guimaraes
71%
C CM Ryan Gravenberch
71%
P CAM Morgan Gibbs-White
70%
G ST Nick Woltemade
70%
D CB Ruben Dias
70%
B LW Alejandro Garnacho
69%
B ST Liam Delap
69%
D CM Phil Foden
69%
E CAM Bryan Mbeumo
68%
D LW Jeremy Doku
68%
H ST Ollie Watkins
68%
B CB Trevoh Chalobah
67%
G LM Anthony Gordon
66%
E ST Matheus Cunha
66%
C RB Conor Bradley
65%
K LM Jack Grealish
65%
G CM Sandro Tonali
65%
D CDM Bernardo Silva
64%
E GK Senne Lammens
64%
G RB Tino Livramento
64%
K ST Beto
63%
G CM Joelinton
63%
P GK Matz Sels
63%
H CAM Morgan Rogers
63%
P ST Chris Wood
62%
K CB James Tarkowski
62%
L RM Jarrod Bowen
62%
F RM Pedro Porro
62%
G LB Dan Burn
61%
E CB Leny Yoro
61%
J CAM Ismaila Sarr
60%
J GK Dean Henderson
59%
F LM Djed Spence
59%
D CB John Stones
59%
N CDM Jordan Henderson
59%
J CB Marc Guehi
59%
F CM Rodrigo Bentancur
59%
L GK Alphonse Areola
58%
E CM Casemiro
58%
D RB Matheus Nunes
58%
H RB Matty Cash
58%
P CB Murillo
58%
F CAM Xavi Simons
58%
O LM Antoine Semenyo
57%
P CDM Elliot Anderson
57%
H CB Ezri Konsa
57%
J ST Jean Philippe Mateta
57%
F CB Kevin Danso
57%
E CB Matthijs de Ligt
57%
K CB Michael Keane
57%
N CB Sepp van den Berg
57%
M CDM Granit Xhaka
56%
K RM Iliman Ndiaye
56%
E CB Luke Shaw
56%
D LB Nico O‘Reilly
56%
Q GK Bernd Leno
55%
H LB Lucas Digne
55%
G CB Sven Botman
55%
H CDM Amadou Onana
53%
L ST Callum Wilson
53%
E RM Diogo Dalot
53%
Q RM Harry Wilson
53%
N ST Igor Thiago
53%
G CB Malick Thiaw
53%
M GK Robin Roefs
53%
L LM Mateus Fernandes
52%
F CAM Mohammed Kudus
52%
E CAM Amad Diallo
51%
R ST Dominic Calvert-Lewin
51%
G RM Jacob Murphy
51%
K LB Vitaliy Mykolenko
51%
K CDM Idrissa Gueye
50%
H RM John McGinn
50%
P CB Nikola Milenkovic
50%
E LM Patrick Dorgu
50%
Q ST Raul Jimenez
50%
J CM Adam Wharton
49%
P LB Neco Williams
49%
D CM Tijjani Reijnders
49%
I ST Danny Welbeck
48%
K CDM James Garner
48%
H CB Pau Torres
48%
I GK Bart Verbruggen
47%
I CB Lewis Dunk
45%
H CDM Boubacar Kamara
44%
N GK Caoimhin Kelleher
43%
J RM Daniel Munoz
43%
F CM Joao Palhinha
43%
J CB Maxence Lacroix
43%
P LM Callum Hudson-Odoi
42%
I CB Jan Paul van Hecke
42%
L CAM Lucas Paqueta
42%
L CDM Tomas Soucek
42%
L RB Aaron Wan-Bissaka
41%
O RB Adam Smith
41%
Q LM Alexi Iwobi
41%
Q CB Calvin Bassey
41%
O ST Evanilson
41%
K RB Jake O'Brien
41%
K CAM Kiernan Dewsbury-Hall
41%
T RB Kyle Walker
41%
L CB Max Kilman
40%
L LB El Hadji Malick Diouf
39%
M CB Nordi Mukiele
39%
I CDM Carlos Baleba
38%
J CB Chris Richards
38%
H LM Emiliano Buendia
38%
S CM Joao Gomes
38%
J LM Tyrick Mitchell
38%
M CB Daniel Ballard
37%
O GK Djordje Petrovic
37%
Q CB Joachim Andersen
36%
B CB Tosin Adarabioyo
36%
J CAM Yeremi Pino
35%
P RM Dan Ndoye
34%
S ST Jorgen Strand Larsen
34%
Q RB Kenny Tete
34%
O CB Marcos Senesi
34%
M ST Wilson Isidor
34%
M CAM Enzo Le Fee
33%
P CDM Ibrahim Sangare
32%
L CB Jean-Clair Todibo
32%
N CAM Mikkel Damsgaard
32%
D RW Oscar Bobb
32%
N LM Kevin Schade
31%
I RM Yankuba Minteh
31%
Q CDM Sander Berge
30%
R CM Anton Stach
29%
M LM Bertrand Traore
29%
J CM Daichi Kamada
29%
T GK Martin Dubravka
29%
N RB Michael Kayode
29%
Q CDM Sasa Lukic
29%
R GK Lucas Perri
28%
O CDM Alex Scott
27%
I LB Ferdi Kadioglu
27%
R CB Pascal Struijk
27%
M LB Reinildo Mandava
27%
M RB Trai Hume
27%
Q CAM Josh King
26%
N CB Nathan Collins
26%
S GK Sam Johnstone
26%
O CDM Tyler Adams
26%
O LB Adrien Truffert
25%
R RW Brendon Aaronson
25%
R CM Ethan Ampadu
24%
I CAM Georginio Rutter
24%
T LM Jaidon Anthony
24%
R CB Joe Rodon
24%
N LB Keane Lewis-Potter
24%
P RB Nicolo Savona
24%
O CAM Marcus Tavernier
23%
R LW Noah Okafor
23%
M CDM Noah Sadiki
23%
R RB Jayden Bogle
22%
Q LB Ryan Sessegnon
22%
I CDM Yasin Ayari
22%
T ST Zian Flemming
22%
M RM Chemsdine Talbi
21%
S CM Andre
20%
L CDM Freddie Potts
20%
I LM Maxim de Cuyper
20%
R CM Sean Longstaff
20%
S LM Hugo Bueno
19%
I RB Mats Wieffer
19%
T CB Maxime Esteve
19%
O CB Bafode Diakite
18%
R LB Gabriel Gudmundsson
18%
N RM Dango Ouattara
17%
O RM David Brooks
17%
S CB Emmanuel Agbadou
15%
T CDM Josh Cullen
14%
S RW Jhon Arias
13%
T LB Quilindschy Hartman
13%
S CB Toti
12%
S LW Jean Ricner Bellegarde
11%
S CB Ladislav Krejci
10%
T CAM Lesley Ugochukwu
10%
N CDM Yegor Yarmolyuk
8%
S RM Marshall Munetsi
7%
T CB Axel Tuanzebe
6%
T CDM Florentino
6%
T RM Loum Tchaouna
3%
No matching quizzes found
Score Distribution
Percent of People with Each Score
Percentile by Number Answered
Your Score History
You have not taken this quiz